|
|
|
|
| LEADER |
00717nab a2200193 i 4500 |
| 001 |
publ16404 |
| 005 |
20190821135538.0 |
| 008 |
190821s2018 hu o 0|| zxx d |
| 022 |
|
|
|a 2084-4115
|
| 024 |
7 |
|
|a 10.4467/20844131KS.18.019.8783
|2 doi
|
| 024 |
7 |
|
|a 30391239
|2 mtmt
|
| 040 |
|
|
|a SZTE Publicatio Repozitórium
|b hun
|
| 041 |
|
|
|a zxx
|
| 100 |
1 |
|
|a Pétervári Máté
|
| 245 |
1 |
0 |
|a Events in the Sphere of the study of Hungarian Legal and Constitutional History in 2017
|h [elektronikus dokumentum] /
|c Pétervári Máté
|
| 260 |
|
|
|c 2018
|
| 300 |
|
|
|a 297-304
|
| 490 |
0 |
|
|a KRAKOWSKIE STUDIA Z HISTORII PANSTWA I PRAWA
|v 11 No. 2
|
| 856 |
4 |
0 |
|u http://publicatio.bibl.u-szeged.hu/16404/1/10-MatePetervari.pdf
|z Dokumentum-elérés
|